Draft NBA 2014- top 30 - Statystyki

Ogólne statystyki
  • Ten quiz został rozwiązany 18 razy
  • Średni wynik to 8 z 30
Statystyki odpowiedzi
Pick Zawodnik Dużyna % Poprawnych
3. Joel Embiid Philadelphia 76ers
88%
1. Andrew Wiggins Cleveland Cavaliers
81%
4. Aaron Gordon Orlando Magic
50%
6. Marcus Smart Boston Celtics
50%
2. Jabari Parker Milwaukee Bucks
38%
7. Julius Randle Los Angeles Lakers
38%
5. Dante Exum Utah Jazz
31%
16. Jusuf Nurkić Chicago Bulls
31%
27. Bogdan Bogdanović Phoenix Suns
25%
13. Zach LaVine Minnesota Timberwolves
25%
15. Adreian Payne Atlanta Hawks
19%
25. Clint Capela Houston Rockets
19%
12. Dario Šarić Orlando Magic
19%
10. Elfrid Payton Philadelphia 76ers
19%
17. James Young Boston Celtics
19%
8. Nik Stauskas Sacramento Kings
19%
14. T.J. Warren Phoenix Suns
19%
20. Bruno Caboclo Toronto Raptors
13%
28. C. J. Wilcox Los Angeles Clippers
13%
11. Doug McDermott Denver Nuggets
13%
19. Gary Harris Chicago Bulls
13%
29. John Huestis Oklahoma City Thunder
13%
22. Jordan Adams Memphis Grizzlies
13%
30. Kyle Anderson San Antonio Spurs
13%
21. Mitch McGary Oklahoma City Thunder
13%
9. Noah Vonleh Charlotte Hornets
13%
26. P.J. Hairston Miami Heat
13%
23. Rodney Hood Utah Jazz
13%
24. Shabazz Napier Charlotte Hornets
13%
18. Tyler Ennis Phoenix Suns
13%
Nie znaleziono quizów pasujących do podanych kryteriów
Rozkład punktacji
Procent ludzi z każdym wynikiem
Percentyl według liczby udzielonych odpowiedzi
Twoja historia wyników
Nie rozwiązałeś tego quizu